| 000 | 01003 a2200229 4500 | ||
|---|---|---|---|
| 001 | 63339 | ||
| 005 | 20260407155930.0 | ||
| 008 | 260407a1972 arg spa d | ||
| 003 | AR-UNSa-BCEJYS | ||
| 040 |
_aAR-UNSa-BCEJYS _bspa _cAR-UNSa-BCEJYS |
||
| 080 |
_a510 _xConsideraciones fundamentales y generales de las matemáticas |
||
| 245 | 1 | 0 | _aMatemáticas básicas |
| 264 | 1 |
_aMéxico : _bUnión Tipográfica Editorial Hispano-Americana (UTEHA) _c1972 |
|
| 300 |
_axii, 287 p. _c23 cm. |
||
| 505 | _a1. El idioma de las matemáticas - 2. Organización de datos estadísticos – 3. Medidas estadísticas – 4. Repaso del algebra – 5. Relaciones entre variables – 6. El cálculo diferencial e integral: La matemática del cambio o variación – 7. Matrices y sus aplicaciones – 8. Algebra de conjuntos – | ||
| 041 | _aspa | ||
| 942 | _cBK | ||
| 590 | _aniveau_biblio:m niveau_hierar:0 | ||
| 100 | 1 | _aSpringer, Clifford H. | |
| 700 | 1 | _aHerlihy, Robert E. | |
| 700 | 1 | _aBeggs, Robert I. | |
| 999 |
_c8126 _d8126 |
||